South African Law Commission : Project 63. Review of the Law of Insolvency (Record no. 79)

MARC details
000 -LEADER
fixed length control field 00506nam a22001697a 4500
005 - DATE AND TIME OF INPUT
control field 20231026095129.0
008 - DATA ELEMENTS--GENERAL INFORMATION
fixed length control field 231026b |||||||| |||| 00| 0 eng d
020 ## - INTERNATIONAL STANDARD BOOK NUMBER
International Standard Book Number 0797018549
041 ## - LANGUAGE CODE
Language code of text English / Afrikaans
082 ## - SHELF NUMBER
DDC number 346.7 SOU
100 ## - MAIN AUTHOR
Language of a work English / Afrikaans
245 ## - TITLE STATEMENT
Title South African Law Commission : Project 63. Review of the Law of Insolvency
260 ## - PUBLICATION, DISTRIBUTION, ETC.
Date of publication, distribution, etc. 1989
300 ## - PHYSICAL DESCRIPTION
Other physical details xviii, 149 pages ;
Dimensions 31 cm.
650 ## - SUBJECT`
Broad subject Legal practice
Own subject terms Law
942 ## - ADDED ENTRY ELEMENTS (KOHA)
Item type Books
942 ## - ADDED ENTRY ELEMENTS (KOHA)
-- ALISON_BN_VRIES
Holdings
Source of classification or shelving scheme Not for loan Collection code Home library Current library Shelving location Date acquired Full call number Barcode Price effective from Koha item type
Dewey Decimal Classification   TEXT BOOKS LAW SOCIETY OF NAMIBIA LIBRARY - WINDHOEK LAW SOCIETY OF NAMIBIA LIBRARY - WINDHOEK Civil Procedure and Court 10/26/2023 346.7 SOU LSN/1993/47 10/26/2023 Books